| 000 | 00433nam a2200133Ia 4500 | ||
|---|---|---|---|
| 005 | 20210429153914.0 | ||
| 008 | 210429s9999 xx 000 0 und d | ||
| 082 | _aMTL-MS MA/NA 2011 | ||
| 100 |
_aMuhammad Aamir Hassan _954769 |
||
| 245 | _aMagnectic Nanoparticles and Self Assembled Multilary ThinFilms for Potential Biomedical Applications | ||
| 260 |
_aNUST (SCME) _bDr.Nasir M. Ahmad _c2011 |
||
| 300 | _ap82 | ||
| 942 |
_2ddc _cREF |
||
| 999 |
_c561109 _d561109 |
||